Human resource management practices as determinants of organizational performance (Record no. 523312)

000 -LEADER
fixed length control field 01588nam a22001577a 4500
008 - FIXED-LENGTH DATA ELEMENTS--GENERAL INFORMATION
fixed length control field 230807b ||||| |||| 00| 0 eng d
100 ## - MAIN ENTRY--PERSONAL NAME
Personal name Madhavkumar, Vandana
245 ## - TITLE STATEMENT
Title Human resource management practices as determinants of organizational performance
260 ## - PUBLICATION, DISTRIBUTION, ETC. (IMPRINT)
Place of publication, distribution, etc Productivity
300 ## - PHYSICAL DESCRIPTION
Extent 63(4), Jan-Mar, 2023: p.465-477
520 ## - SUMMARY, ETC.
Summary, etc Human capital being unique and inimitable is a source of competitive advantage for organizations. Literature suggests that effective and well-established human resource management (HRM) practices help in better retention and utilization of human resources, thereby resulting in the improvement of the organizational performance overall. Most studies have examined the linkage between HRM practices and organizational performance in large organizations. Not much research is available on the effect of HR practices on the performance of small and medium enterprises (SMEs). Coimbatore is an entrepreneurial hub, its industrial ecosystem dominated by SMEs, therefore, there is a need to explore the HR practices in the SMEs of Coimbatore. This study evaluates the relationship among HR practices and organizational performance of SMEs in Coimbatore. Data was collected from 200 SMEs that were members of the Coimbatore District Small Scale Industries Association (CODISSIA). It was found that HRM practices had a significant positive effect on organizational performance.- Reproduced
650 ## - SUBJECT ADDED ENTRY--TOPICAL TERM
Topical term or geographic name as entry element Human resource management, Organizational performance
9 (RLIN) 42457
773 ## - HOST ITEM ENTRY
Main entry heading Productivity
906 ## - LOCAL DATA ELEMENT F, LDF (RLIN)
Subject DIP HUMAN CAPITAL
942 ## - ADDED ENTRY ELEMENTS (KOHA)
Item type Articles
Holdings
Withdrawn status Lost status Source of classification or shelving scheme Damaged status Not for loan Permanent location Current location Date acquired Serial Enumeration / chronology Barcode Date last seen Koha item type
          Indian Institute of Public Administration Indian Institute of Public Administration 2023-08-07 63(4), Jan-Mar, 2023: p.465-477 AR129278 2023-08-07 Articles

Powered by Koha